000 00490nam a2200205Ia 4500
003 OSt
005 20260212094617.0
008 210210b1987 xxu||||| |||| 00| 0 eng d
040 _cAL
041 _aEnglish
082 _a823.8 ELIM
100 _aGeorge Eliot
_9136544
245 _aMill on the floss
260 _aN D
_bS. Chand & Co. Ltd.
_c1987
300 _a112p
650 _aMill on the Floss
_9136545
690 _aEnglish Fiction
_9136546
906 _a040052
942 _2ddc
_cBK
999 _c90049
_d90049